سؤال التسامح : (رقم التسجيلة. 65572)

تفاصيل مارك
000 -LEADER
fixed length control field 00546nam a22001697a 4500
005 - DATE AND TIME OF LATEST TRANSACTION
control field 20251108171913.0
008 - FIXED-LENGTH DATA ELEMENTS--GENERAL INFORMATION
fixed length control field 250721s2002 xx 000 0 ara d
082 14 - DEWEY DECIMAL CLASSIFICATION NUMBER
Classification number 179.9/عسا
100 1# - MAIN ENTRY--PERSONAL NAME
Personal name عساف، نظام
245 10 - TITLE STATEMENT
Title سؤال التسامح :
Remainder of title دراسة و حوار مع الباحث عبد الحسين شعبان /
264 1# - PRODUCTION, PUBLICATION, DISTRIBUTION, MANUFACTURE, AND COPYRIGHT NOTICE
Place of production, publication, distribution, manufacture عمان :
Name of producer, publisher, distributor, manufacturer مركز عمان لدراسات حقوق الإنسان،
Date of production, publication, distribution, manufacture, or copyright notice 2002.
300 ## - PHYSICAL DESCRIPTION
Extent 112ص
650 17 - SUBJECT ADDED ENTRY--TOPICAL TERM
Topical term or geographic name as entry element التسامح
650 17 - SUBJECT ADDED ENTRY--TOPICAL TERM
Topical term or geographic name as entry element الفضائل
942 ## - ADDED ENTRY ELEMENTS (KOHA)
Source of classification or shelving scheme Dewey Decimal Classification
Koha item type كتب
المقتنيات
حالة السحب حالة الفقدان مصدر التصنيف حالة التلف غير قابل للإعارة المكتبة الرئيسية المكتبة الحالية موقع الرف تاريخ التزويد الرقم المتسلسل Total Checkouts رقم الإستدعاء تاريخ آخر ظهور تاريخ الفاتورة نوع المادة (كوها) الباركود
    Dewey Decimal Classification Unchecked   المكتبة المركزية المكتبة المركزية الإعارة 06/07/2004 606734   179.9/عسا 28/07/2025 06/07/2004 كتب  
    Dewey Decimal Classification     المكتبة المركزية المكتبة المركزية مقتنيات قسم التزويد 06/07/2004 606736   179.9/عسا 28/07/2025 06/07/2004 كتب 606736
    Dewey Decimal Classification     المكتبة المركزية المكتبة المركزية مقتنيات قسم التزويد 06/07/2004 606738   179.9/عسا 28/07/2025 06/07/2004 كتب 606738
    Dewey Decimal Classification     المكتبة المركزية المكتبة المركزية الإعارة 14/09/2014 1581299   179.9/عسا 28/07/2025 14/09/2014 كتب PLD00306667
    Dewey Decimal Classification     مكتبة أم قصير والمقابلين العامة مكتبة أم قصير والمقابلين العامة الإعارة 28/07/2025 606778   179.9/عسا 28/07/2025 28/07/2025 كتب 606778
    Dewey Decimal Classification Unchecked   مكتبة النصر العامة مكتبة النصر العامة الإعارة 28/07/2025 606781   179.9/عسا 28/07/2025 28/07/2025 كتب  
    Dewey Decimal Classification     مكتبة صويلح العامة مكتبة صويلح العامة الإعارة 06/07/2004 606771   179.9/عسا 28/07/2025 06/07/2004 كتب 606771
Implemented & Customized by: BBB with SCIT (Smart Chains for Information Technology)

Powered by Koha